000 00707nam a22002055i 4500
001 53930
003 ES-MaACL
005 20250828025122.0
007 t|
008 960709s1882 sp ||||1| spa d
040 _aCAM
_bspa
_cCAM
100 1 _aFernández Villabrille, Miguel.
_950158
245 1 3 _aEl Colegio Nacional de Sordo-Mudos y de Ciegos en la Exposición Pedagógica de 1882.
260 _aMadrid :
_b[s.n.],
_c1882 (
_fImprenta del Colegio Nacional de Sordo-mudos y Ciegos)
300 _a13 p. ;
_c22 cm.
650 0 7 _aEducación especial
_2embne
_912103
710 2 _aColegio Nacional de Sordo-Mudos y de Ciegos de Madrid.
_92940
852 _aES-MaACL
_jT-350-F-4
999 _c53930
_d53930